000
00326nam a2200145Ia 4500
100
_a
Kinnear /T.C&Taylor/ J.R/ Rubin/R.S
942
_c
BK
654
_a
marketing
245
_a
Marketing research
260
_b
McGraw Hill
_a
New York
_c
1987
082
_a
658.83
_b
KEN/TAY
300
_a
718
546
_a
ENGLISH
999
_c
30790
_d
30790